High power ion beam influence on aluminum alloys; Физика твердого тела

Podrobná bibliografie
Parent link:Физика твердого тела.— 2002.— C. 214-216.
Hlavní autor: Struts V. K.
Další autoři: Petrov A. V., Aref'ev V. P.
Jazyk:angličtina
Vydáno: 2002
Témata:
Médium: MixedMaterials Kapitola
KOHA link:https://koha.lib.tpu.ru/cgi-bin/koha/opac-detail.pl?biblionumber=90525

MARC

LEADER 00000naa2a2200000 4500
001 90525
005 20231031103556.0
035 |a (RuTPU)RU\TPU\book\97071 
090 |a 90525 
100 |a 20060210d2002 k y0rusy50 ca 
101 0 |a eng 
102 |a RU 
200 1 |a High power ion beam influence on aluminum alloys  |f V. K. Struts, A. V. Petrov, V. P. Aref'ev 
320 |a Библиогр.: 3 назв. 
463 0 |0 (RuTPU)RU\TPU\book\56937  |y 9965-615-03-9  |t Физика твердого тела  |o Материалы VII Международной конференции, Усть-Каменогорск, 5-7 июня 2002 г.  |f Восточно-Казахстанский государственный технический университет им. Д. Серикбаева  |v C. 214-216.  |d 2002  |p 366 с. 
610 1 |a ионы 
610 1 |a алюминий 
610 1 |a труды учёных ТПУ 
700 1 |a Struts  |b V. K. 
701 1 |a Petrov  |b A. V. 
701 1 |a Aref'ev  |b V. P. 
801 1 |a RU  |b 63413507  |c 20060210  |g PSBO 
801 2 |a RU  |b 63413507  |c 20081223  |g PSBO 
942 |c BK